Statistics for Countries by Letter - One Minute Sprint

Click here to take the quiz!

General Stats

  • This quiz has been taken 408 times
  • The average score is 22 of 24

Answer Stats

lettercountry% Correct
AAustralia, Argentina...
99%
BBrazil, Barbados...
99%
CCambodia, Chile...
99%
GGuyana, Germany...
98%
FFrance, Finland...
97%
DDem Rep Congo, Denmark...
96%
EEthiopia, Ecuador...
96%
IIndia, Italy...
96%
HHungary, Haiti...
94%
LLaos, Libya...
93%
MMexico, Morocco...
91%
NNorway, New Zealand...
91%
PPortugal, Peru...
91%
JJapan, Jordan...
90%
KKenya, Kiribati...
90%
QQatar
90%
SSpain, Sweden...
89%
OOman
88%
RRussia, Romania...
88%
TTurkey, Thailand...
88%
UUnited States, United Kingdom...
88%
VVietnam, Venezuela...
84%
YYemen
84%
ZZambia, Zimbabwe
83%

Score Distribution

Percentile by Number Answered

Percent of People with Each Score

Your Score History

You have not taken this quiz